[Event "U20 Polish Youth Championship"]
[Site "Ustron"]
[Date "2019.11.25"]
[Round "4"]
[White "Baum, Jonasz"]
[Black "Jarzebowski, Kacper"]
[Result "1-0"]
[Board "10"]
[WhiteElo "2341"]
[WhiteTitle "FM"]
[WhiteCountry "POL"]
[WhiteFideId "1195360"]
[WhiteEloChange "4"]
[BlackElo "2079"]
[BlackCountry "POL"]
[BlackFideId "1184954"]
[BlackEloChange "-4"]

1. d4 {[%clk 1:30:58]} Nf6 {[%clk 1:30:53]} 2. c4 {[%clk 1:31:23]} d6 {[%clk
1:31:15]} 3. Nf3 {[%clk 1:31:38]} g6 {[%clk 1:31:14]} 4. g3 {[%clk 1:31:52]} Bg7
{[%clk 1:31:37]} 5. Bg2 {[%clk 1:32:16]} O-O {[%clk 1:31:59]} 6. O-O {[%clk
1:32:41]} Nbd7 {[%clk 1:32:08]} 7. Qc2 {[%clk 1:33:01]} e5 {[%clk 1:32:28]} 8.
Rd1 {[%clk 1:33:26]} Qe7 {[%clk 1:32:45]} 9. Nc3 {[%clk 1:32:54]} h6 {[%clk
1:32:02]} 10. e3 {[%clk 1:29:55]} c6 {[%clk 1:20:11]} 11. b3 {[%clk 1:29:00]} Ne8
{[%clk 1:18:21]} 12. Ba3 {[%clk 1:18:02]} f5 {[%clk 1:17:59]} 13. dxe5 {[%clk
1:17:07]} Nxe5 {[%clk 1:18:32]} 14. Nxe5 {[%clk 1:13:00]} Qxe5 {[%clk 1:18:46]}
15. Rac1 {[%clk 1:11:38]} Be6 {[%clk 1:17:17]} 16. Ne2 {[%clk 1:07:16]} Rd8
{[%clk 1:16:06]} 17. c5 {[%clk 0:53:52]} d5 {[%clk 1:15:37]} 18. Bb4 {[%clk
0:50:51]} g5 {[%clk 1:13:49]} 19. Bc3 {[%clk 0:49:18]} Qc7 {[%clk 1:14:12]} 20.
Bxg7 {[%clk 0:44:23]} Nxg7 {[%clk 1:13:38]} 21. Nd4 {[%clk 0:37:39]} Bc8 {[%clk
1:12:51]} 22. b4 {[%clk 0:25:38]} Qf7 {[%clk 1:08:52]} 23. b5 {[%clk 0:24:57]}
Ne6 {[%clk 1:08:23]} 24. bxc6 {[%clk 0:18:16]} Nxd4 {[%clk 1:08:46]} 25. exd4
{[%clk 0:17:32]} bxc6 {[%clk 1:09:06]} 26. f4 {[%clk 0:16:04]} Rde8 {[%clk
1:08:09]} 27. Qd2 {[%clk 0:12:48]} Qf6 {[%clk 1:05:58]} 28. Re1 {[%clk 0:12:28]}
Rxe1+ {[%clk 1:05:48]} 29. Rxe1 {[%clk 0:12:53]} Bd7 {[%clk 1:04:40]} 30. Re5
{[%clk 0:09:38]} Re8 {[%clk 1:04:44]} 31. Qe2 {[%clk 0:01:14]} Rxe5 {[%clk
1:03:39]} 32. fxe5 {[%clk 0:01:38]} Qe7 {[%clk 1:03:57]} 33. Qa6 {[%clk 0:01:30]}
Be8 {[%clk 1:03:02]} 34. Qc8 {[%clk 0:01:38]} Qd7 {[%clk 1:03:00]} 35. Qb8 {[%clk
0:01:41]} Kg7 {[%clk 1:00:33]} 36. h3 {[%clk 0:01:19]} Bg6 {[%clk 0:56:05]} 37.
Kh2 {[%clk 0:00:42]} h5 {[%clk 0:54:00]} 38. Kg1 {[%clk 0:00:37]} f4 {[%clk
0:53:22]} 39. gxf4 {[%clk 0:01:01]} gxf4 {[%clk 0:53:45]} 40. Qd6 {[%clk
0:30:51]} Qb7 {[%clk 0:49:12]} 41. e6 {[%clk 0:09:53]} Qb1+ {[%clk 0:49:25]} 42.
Kh2 {[%clk 0:10:16]} Qe1 {[%clk 0:49:27]} 43. Qxf4 {[%clk 0:09:12]} Qxe6 {[%clk
0:49:48]} 44. Qc7+ {[%clk 0:07:58]} Kh6 {[%clk 0:45:51]} 45. Qd6 {[%clk 0:02:14]}
Qxd6+ {[%clk 0:42:00]} 46. cxd6 {[%clk 0:02:42]} Bf5 {[%clk 0:42:12]} 47. h4
{[%clk 0:02:40]} Kg6 {[%clk 0:42:25]} 48. Bf3 {[%clk 0:02:40]} Kf6 {[%clk
0:35:24]} 49. Bxh5 {[%clk 0:03:05]} Ke6 {[%clk 0:35:44]} 50. Kg3 {[%clk 0:03:22]}
Kxd6 {[%clk 0:35:29]} 51. Kf4 {[%clk 0:02:54]} Bb1 {[%clk 0:33:08]} 52. a3 {[%clk
0:02:26]} c5 {[%clk 0:33:26]} 53. dxc5+ {[%clk 0:02:12]} Kxc5 {[%clk 0:33:55]}
54. Ke3 {[%clk 0:00:50]} d4+ {[%clk 0:34:13]} 55. Kd2 {[%clk 0:01:13]} Bh7 {[%clk
0:32:47]} 56. Be2 {[%clk 0:01:29]} Kb6 {[%clk 0:32:32]} 57. Bd3 {[%clk 0:01:15]}
Bg8 {[%clk 0:30:56]} 58. h5 {[%clk 0:00:57]} Ka5 {[%clk 0:29:35]} 59. Kc2 {[%clk
0:01:18]} Ka4 {[%clk 0:28:17]} 60. Kb2 {[%clk 0:01:44]} a6 {[%clk 0:26:06]} 61.
h6 {[%clk 0:02:05]} a5 {[%clk 0:26:21]} 62. h7 {[%clk 0:02:22]} Bxh7 {[%clk
0:26:43]} 63. Bxh7 {[%clk 0:02:45]} d3 {[%clk 0:27:12]} 64. Bg6 {[%clk 0:02:57]}
d2 {[%clk 0:27:33]} 65. Be8# {[%clk 0:03:23]} 1-0

[Event "U20 Polish Youth Championship"]
[Site "Ustron"]
[Date "2019.11.25"]
[Round "4"]
[White "Hasterok, Mateusz"]
[Black "Fiedorek, Michal"]
[Result "1/2-1/2"]
[Board "11"]
[WhiteElo "2018"]
[WhiteCountry "POL"]
[WhiteFideId "21822352"]
[WhiteEloChange "7"]
[BlackElo "2333"]
[BlackTitle "FM"]
[BlackCountry "POL"]
[BlackFideId "1199528"]
[BlackEloChange "-7"]

1. d4 {[%clk 1:30:30]} d5 {[%clk 1:30:30]} 2. c4 {[%clk 1:30:34]} e6 {[%clk
1:30:30]} 3. Nc3 {[%clk 1:30:34]} Nf6 {[%clk 1:30:30]} 4. Bg5 {[%clk 1:30:43]}
Be7 {[%clk 1:30:03]} 5. Nf3 {[%clk 1:30:43]} h6 {[%clk 1:30:02]} 6. Bh4 {[%clk
1:28:50]} O-O {[%clk 1:29:46]} 7. e3 {[%clk 1:28:45]} Nbd7 {[%clk 1:22:47]} 8. c5
{[%clk 1:24:34]} b6 {[%clk 1:11:52]} 9. b4 {[%clk 1:22:50]} a5 {[%clk 0:58:37]}
10. a3 {[%clk 1:22:50]} Re8 {[%clk 0:58:01]} 11. Bb5 Ba6 {[%clk 0:58:01]} 12. Bc6
Ra7 {[%clk 0:58:01]} 13. Nb5 Bxb5 {[%clk 0:58:01]} 14. Bxb5 Ne4 {[%clk 0:58:01]}
15. Bxe7 Qxe7 {[%clk 0:58:01]} 16. O-O Nc3 {[%clk 0:58:01]} 17. Qd3 Nxb5 {[%clk
0:58:01]} 18. Qxb5 Rea8 {[%clk 0:58:01]} 19. Rac1 axb4 {[%clk 0:58:01]} 20. axb4
bxc5 {[%clk 0:58:01]} 21. bxc5 Rb8 {[%clk 0:58:01]} 22. Qd3 Qe8 {[%clk 0:58:01]}
23. Rb1 Rba8 {[%clk 0:58:01]} 24. Qb5 Nf6 {[%clk 0:58:01]} 25. Qxe8+ Nxe8 {[%clk
0:58:01]} 26. Ne5 f6 {[%clk 0:58:01]} 27. Nc6 Ra6 {[%clk 0:58:01]} 28. Rb8 Rxb8
{[%clk 0:58:01]} 29. Nxb8 Ra2 {[%clk 0:58:01]} 30. Rb1 Kf7 {[%clk 0:58:01]} 31.
Nc6 Ra6 {[%clk 0:58:01]} 32. Nb8 Ra4 {[%clk 0:58:01]} 33. Nc6 Ra6 {[%clk
0:58:01]} 34. Nb8 Ra8 {[%clk 0:58:01]} 35. Nc6 h5 {[%clk 0:58:01]} 36. g3 Ra6
{[%clk 0:58:01]} 37. Nb8 Ra7 {[%clk 0:58:01]} 38. Nc6 Ra6 {[%clk 0:58:01]} 39.
Nb8 Ra7 {[%clk 0:58:01]} 40. Nc6 Ra8 {[%clk 0:58:01]} 41. Rb7 Ra6 {[%clk
0:58:01]} 42. Nb4 Ra1+ {[%clk 0:58:01]} 1/2-1/2

[Event "U20 Polish Youth Championship"]
[Site "Ustron"]
[Date "2019.11.25"]
[Round "4"]
[White "Karpus, Michal"]
[Black "Dzwierzynski, Bartosz"]
[Result "1-0"]
[Board "12"]
[WhiteElo "2312"]
[WhiteTitle "FM"]
[WhiteCountry "POL"]
[WhiteFideId "1174088"]
[WhiteEloChange "4"]
[BlackElo "2065"]
[BlackCountry "POL"]
[BlackFideId "21812837"]
[BlackEloChange "-4"]

1. e4 {[%clk 1:30:30]} c5 {[%clk 1:30:34]} 2. Nf3 {[%clk 1:30:30]} d6 {[%clk
1:30:34]} 3. d4 {[%clk 1:30:39]} cxd4 {[%clk 1:30:34]} 4. Nxd4 {[%clk 1:30:39]}
Nf6 {[%clk 1:30:34]} 5. Nc3 {[%clk 1:30:54]} g6 {[%clk 1:30:34]} 6. Be3 {[%clk
1:30:58]} Bg7 {[%clk 1:30:49]} 7. Be2 {[%clk 1:31:23]} O-O {[%clk 1:31:03]} 8.
Qd2 {[%clk 1:31:22]} Nc6 {[%clk 1:31:23]} 9. O-O-O {[%clk 1:31:37]} Ng4 {[%clk
1:28:13]} 10. Bxg4 {[%clk 1:31:37]} Bxg4 {[%clk 1:28:33]} 11. f3 {[%clk 1:32:02]}
Nxd4 {[%clk 1:25:59]} 12. Bxd4 {[%clk 1:31:41]} Bxd4 13. Qxd4 {[%clk 1:31:41]}
Be6 14. h4 {[%clk 1:31:41]} Qa5 15. h5 {[%clk 1:31:41]} Rac8 16. a3 {[%clk
1:31:41]} Rc4 17. Qe3 {[%clk 1:31:41]} Qe5 18. Nd5 {[%clk 1:31:41]} Bxd5 19. Rxd5
{[%clk 1:31:41]} Qf6 20. Qxa7 {[%clk 1:31:41]} Rfc8 21. Rd2 {[%clk 1:31:41]} b5
22. hxg6 {[%clk 1:31:41]} fxg6 23. Qb7 {[%clk 1:31:41]} R4c5 24. Rhd1 {[%clk
1:31:41]} R8c7 25. Qb6 {[%clk 1:31:41]} Qe6 26. Kb1 {[%clk 1:31:41]} Qc8 27. Qa5
{[%clk 1:31:41]} Qb7 28. Qb4 {[%clk 1:31:41]} Rc4 29. Qb3 {[%clk 1:31:41]} Kg7
30. c3 {[%clk 1:31:41]} Qc6 31. Rd5 {[%clk 1:31:41]} Rc5 32. Qb4 {[%clk 1:31:41]}
Kg8 33. Qd4 {[%clk 1:31:41]} Rc4 34. Qe3 {[%clk 1:31:41]} Qa6 35. e5 {[%clk
1:31:41]} dxe5 36. Qxe5 {[%clk 1:31:41]} b4 37. Rd8+ {[%clk 1:31:41]} Kf7 38. Qh8
{[%clk 1:31:41]} 1-0

[Event "U20 Polish Youth Championship"]
[Site "Ustron"]
[Date "2019.11.25"]
[Round "4"]
[White "Walter, Szymon"]
[Black "Panek, Bartosz"]
[Result "1-0"]
[Board "13"]
[WhiteElo "2304"]
[WhiteTitle "FM"]
[WhiteCountry "POL"]
[WhiteFideId "1172590"]
[WhiteEloChange "3"]
[BlackElo "2029"]
[BlackCountry "POL"]
[BlackFideId "1198220"]
[BlackEloChange "-3"]

1. e4 {[%clk 1:26:37]} c5 {[%clk 1:30:54]} 2. Nc3 {[%clk 1:26:38]} e6 {[%clk
1:31:05]} 3. Nf3 {[%clk 1:26:42]} Nc6 {[%clk 1:31:29]} 4. d4 {[%clk 1:26:55]}
cxd4 {[%clk 1:31:49]} 5. Nxd4 {[%clk 1:27:19]} Bc5 {[%clk 1:32:06]} 6. Nb3 {[%clk
1:26:27]} Bb6 {[%clk 1:32:28]} 7. Qe2 {[%clk 1:25:54]} Nge7 {[%clk 1:31:59]} 8.
Be3 {[%clk 1:24:51]} a6 {[%clk 1:30:35]} 9. O-O-O {[%clk 1:24:06]} O-O {[%clk
1:30:39]} 10. f4 {[%clk 1:21:38]} d5 {[%clk 1:08:34]} 11. Qf2 {[%clk 1:18:58]}
Bxe3+ {[%clk 1:08:28]} 12. Qxe3 {[%clk 1:19:22]} Qc7 {[%clk 1:08:45]} 13. g3
{[%clk 1:17:51]} dxe4 {[%clk 1:07:14]} 14. Nxe4 {[%clk 1:14:29]} Nb4 {[%clk
1:03:21]} 15. c3 {[%clk 1:12:56]} Nbd5 {[%clk 1:03:25]} 16. Qf2 {[%clk 1:08:21]}
b6 {[%clk 1:01:54]} 17. Kb1 {[%clk 1:06:48]} Bb7 {[%clk 1:01:33]} 18. Bd3 {[%clk
1:06:53]} Rfd8 {[%clk 1:00:03]} 19. Rhe1 {[%clk 1:06:36]} Rd7 {[%clk 0:50:52]}
20. Bc2 {[%clk 1:04:05]} Rad8 {[%clk 0:49:10]} 21. Nd4 {[%clk 1:03:47]} h6 {[%clk
0:41:19]} 22. h4 {[%clk 0:55:55]} Nc6 {[%clk 0:26:39]} 23. Nf3 {[%clk 0:49:11]}
Nde7 {[%clk 0:22:56]} 24. Rc1 {[%clk 0:48:21]} Nd5 {[%clk 0:19:54]} 25. Ka1
{[%clk 0:41:19]} a5 {[%clk 0:16:40]} 26. Ne5 {[%clk 0:39:21]} Re7 {[%clk
0:10:27]} 27. Nxc6 {[%clk 0:10:52]} Bxc6 {[%clk 0:10:23]} 28. Nd2 {[%clk
0:10:41]} Bb7 {[%clk 0:04:20]} 29. Be4 {[%clk 0:09:26]} Nf6 {[%clk 0:03:11]} 30.
Bxb7 {[%clk 0:09:35]} Qxb7 {[%clk 0:03:40]} 31. Nc4 {[%clk 0:09:44]} Nd5 {[%clk
0:01:47]} 32. g4 {[%clk 0:09:13]} f6 {[%clk 0:00:44]} 33. g5 {[%clk 0:05:56]}
fxg5 {[%clk 0:00:42]} 34. hxg5 {[%clk 0:06:15]} hxg5 {[%clk 0:00:44]} 35. fxg5
{[%clk 0:06:38]} Rf8 {[%clk 0:00:43]} 36. Qh2 {[%clk 0:06:39]} Qc7 {[%clk
0:00:50]} 37. Ne5 {[%clk 0:05:37]} g6 {[%clk 0:00:39]} 38. Qh6 {[%clk 0:04:32]}
Nf4 {[%clk 0:00:33]} 39. Nxg6 {[%clk 0:04:16]} Nxg6 {[%clk 0:00:31]} 40. Qxg6+
{[%clk 0:34:39]} Kh8 {[%clk 0:30:37]} 41. Rh1+ {[%clk 0:33:39]} Rh7 {[%clk
0:31:03]} 42. Qxe6 {[%clk 0:33:44]} Qb7 {[%clk 0:31:12]} 43. Rxh7+ {[%clk
0:33:18]} Qxh7 {[%clk 0:31:36]} 44. Qxb6 {[%clk 0:33:31]} Qf5 {[%clk 0:31:22]}
45. Qh6+ {[%clk 0:33:33]} Kg8 {[%clk 0:31:47]} 46. g6 {[%clk 0:33:52]} 1-0

[Event "U20 Polish Youth Championship"]
[Site "Ustron"]
[Date "2019.11.25"]
[Round "4"]
[White "Czopor, Maciej"]
[Black "Kania, Dominik"]
[Result "1-0"]
[Board "14"]
[WhiteElo "2227"]
[WhiteCountry "POL"]
[WhiteFideId "21805431"]
[WhiteEloChange "4"]
[BlackElo "1988"]
[BlackCountry "POL"]
[BlackFideId "21845204"]
[BlackEloChange "-4"]

1. e4 {[%clk 1:30:57]} e5 {[%clk 1:30:45]} 2. Nf3 {[%clk 1:31:23]} Nc6 {[%clk
1:31:11]} 3. Bb5 {[%clk 1:31:49]} Nf6 {[%clk 1:31:37]} 4. d3 {[%clk 1:31:17]} Bc5
{[%clk 1:31:52]} 5. O-O {[%clk 1:29:29]} d6 {[%clk 1:32:00]} 6. c3 {[%clk
1:29:22]} O-O {[%clk 1:32:15]} 7. h3 {[%clk 1:26:39]} h6 {[%clk 1:30:49]} 8. Re1
{[%clk 1:26:18]} a6 {[%clk 1:30:38]} 9. Bxc6 {[%clk 1:21:00]} bxc6 {[%clk
1:29:48]} 10. d4 {[%clk 1:21:22]} exd4 {[%clk 1:29:08]} 11. cxd4 {[%clk 1:21:16]}
Bb6 {[%clk 1:29:27]} 12. Qc2 {[%clk 1:18:04]} c5 {[%clk 1:26:59]} 13. dxc5 {[%clk
1:16:01]} Bxc5 {[%clk 1:27:17]} 14. Be3 {[%clk 1:15:34]} Bxe3 {[%clk 1:25:40]}
15. Rxe3 {[%clk 1:15:20]} Re8 {[%clk 1:24:58]} 16. Nc3 {[%clk 1:08:33]} Be6
{[%clk 1:21:15]} 17. Rd1 {[%clk 1:01:23]} Qb8 {[%clk 1:20:12]} 18. Ne2 {[%clk
1:00:11]} Ra7 {[%clk 1:13:40]} 19. Nfd4 {[%clk 0:46:00]} Bd7 {[%clk 1:13:50]} 20.
Ng3 {[%clk 0:45:12]} Rb7 {[%clk 1:13:27]} 21. Rd2 {[%clk 0:44:36]} Re5 {[%clk
1:10:11]} 22. Rc3 {[%clk 0:41:56]} d5 {[%clk 1:03:19]} 23. Nf3 {[%clk 0:36:28]}
Rxe4 {[%clk 1:00:57]} 24. Nxe4 {[%clk 0:36:06]} Nxe4 {[%clk 1:01:21]} 25. Rxd5
{[%clk 0:36:06]} Nxc3 {[%clk 1:00:57]} 26. Rxd7 {[%clk 0:35:12]} Nb5 {[%clk
0:58:50]} 27. Qe4 {[%clk 0:23:10]} Nd6 {[%clk 0:57:37]} 28. Qh4 {[%clk 0:19:20]}
f6 {[%clk 0:53:04]} 29. Qg4 {[%clk 0:19:13]} Nf7 {[%clk 0:51:50]} 30. Qe6 {[%clk
0:18:50]} Qf8 {[%clk 0:51:29]} 31. Rxf7 {[%clk 0:18:41]} Qxf7 {[%clk 0:51:54]}
32. Qc8+ {[%clk 0:19:04]} Kh7 {[%clk 0:52:20]} 33. Qxb7 {[%clk 0:19:26]} Qxa2
{[%clk 0:52:43]} 34. Qe4+ {[%clk 0:15:39]} Kg8 {[%clk 0:52:47]} 35. b4 {[%clk
0:15:20]} Qa4 {[%clk 0:52:40]} 36. g3 {[%clk 0:15:19]} Qb5 {[%clk 0:52:36]} 37.
Nh4 {[%clk 0:15:06]} a5 {[%clk 0:51:53]} 38. Qa8+ {[%clk 0:15:13]} 1-0

[Event "U20 Polish Youth Championship"]
[Site "Ustron"]
[Date "2019.11.25"]
[Round "4"]
[White "Wisniewski, Michal"]
[Black "Sowinski, Pawel"]
[Result "0-1"]
[Board "15"]
[WhiteElo "2158"]
[WhiteCountry "POL"]
[WhiteFideId "1159682"]
[WhiteEloChange "-18"]
[BlackElo "1605"]
[BlackCountry "POL"]
[BlackFideId "21881979"]
[BlackEloChange "18"]

1. Nf3 {[%clk 1:26:56]} Nf6 {[%clk 1:30:45]} 2. g3 {[%clk 1:27:17]} c5 {[%clk
1:30:39]} 3. Bg2 {[%clk 1:27:39]} Nc6 {[%clk 1:30:23]} 4. d3 {[%clk 1:27:14]} e6
{[%clk 1:29:57]} 5. O-O {[%clk 1:27:19]} d5 {[%clk 1:30:13]} 6. Nbd2 {[%clk
1:27:31]} Be7 {[%clk 1:29:55]} 7. c3 {[%clk 1:27:49]} O-O {[%clk 1:29:41]} 8. Qc2
{[%clk 1:27:55]} b6 {[%clk 1:29:12]} 9. a3 {[%clk 1:27:30]} Bb7 {[%clk 1:27:12]}
10. Re1 {[%clk 1:27:18]} Rc8 {[%clk 1:26:30]} 11. b3 {[%clk 1:27:42]} Qc7 {[%clk
1:23:57]} 12. Bb2 {[%clk 1:28:05]} Rfd8 {[%clk 1:20:44]} 13. Rad1 {[%clk
1:27:57]} a5 {[%clk 1:18:02]} 14. Qb1 {[%clk 1:27:37]} h6 {[%clk 1:04:42]} 15. e3
{[%clk 1:25:40]} e5 {[%clk 0:59:24]} 16. d4 {[%clk 1:22:28]} cxd4 {[%clk
0:58:43]} 17. exd4 {[%clk 1:21:33]} e4 {[%clk 0:57:50]} 18. Nh4 {[%clk 1:21:55]}
Qd7 {[%clk 0:51:22]} 19. c4 {[%clk 1:21:21]} g5 {[%clk 0:48:41]} 20. cxd5 {[%clk
1:21:48]} Nxd5 {[%clk 0:49:02]} 21. Ng6 {[%clk 1:19:58]} fxg6 {[%clk 0:49:02]}
22. Bxe4 {[%clk 1:20:26]} Bf6 {[%clk 0:45:58]} 23. Nc4 {[%clk 1:20:53]} Nce7
{[%clk 0:43:00]} 24. Bxg6 {[%clk 1:14:55]} Nxg6 {[%clk 0:30:34]} 25. Qxg6+ {[%clk
1:15:22]} Qg7 {[%clk 0:30:55]} 26. Qf5 {[%clk 1:15:48]} Qh7 {[%clk 0:27:12]} 27.
Qe6+ {[%clk 1:10:53]} Qf7 {[%clk 0:27:34]} 28. Qh3 {[%clk 0:40:50]} Bg7 {[%clk
0:23:09]} 29. Ne5 {[%clk 0:40:07]} Bxe5 {[%clk 0:22:55]} 30. dxe5 {[%clk
0:40:19]} Kh7 {[%clk 0:19:07]} 31. Qg4 {[%clk 0:35:15]} Rf8 {[%clk 0:14:55]} 32.
Rd2 {[%clk 0:21:17]} Qf5 {[%clk 0:14:00]} 33. Qxf5+ {[%clk 0:20:07]} Rxf5 {[%clk
0:14:24]} 34. Red1 {[%clk 0:20:37]} Rd8 {[%clk 0:13:42]} 35. e6 {[%clk 0:21:00]}
Re8 {[%clk 0:13:16]} 36. g4 {[%clk 0:19:21]} Rf4 {[%clk 0:12:28]} 37. Rxd5 {[%clk
0:18:47]} Bxd5 {[%clk 0:12:39]} 38. Rxd5 {[%clk 0:19:14]} Rxg4+ {[%clk 0:12:58]}
39. Kf1 {[%clk 0:19:41]} Rxe6 {[%clk 0:13:06]} 40. Bd4 {[%clk 0:50:05]} Kg6
{[%clk 0:42:45]} 41. Rd7 {[%clk 0:35:04]} Rge4 {[%clk 0:40:58]} 42. Be3 {[%clk
0:33:07]} Kh5 {[%clk 0:39:55]} 43. Rb7 {[%clk 0:33:28]} Rxe3 {[%clk 0:29:29]} 44.
fxe3 {[%clk 0:33:42]} Kh4 {[%clk 0:29:11]} 45. Kg2 {[%clk 0:34:04]} h5 {[%clk
0:29:16]} 46. b4 {[%clk 0:23:38]} a4 {[%clk 0:27:12]} 47. b5 {[%clk 0:21:09]} g4
{[%clk 0:25:57]} 48. e4 {[%clk 0:18:40]} Rxe4 {[%clk 0:24:04]} 49. Rxb6 {[%clk
0:19:09]} Re2+ {[%clk 0:24:21]} 50. Kg1 {[%clk 0:19:24]} Kh3 {[%clk 0:21:26]} 51.
Rf6 {[%clk 0:06:16]} Rg2+ {[%clk 0:20:03]} 52. Kf1 {[%clk 0:06:35]} Rxh2 {[%clk
0:20:17]} 53. Rf2 {[%clk 0:06:49]} Rxf2+ {[%clk 0:20:40]} 54. Kxf2 {[%clk
0:07:15]} Kh2 {[%clk 0:20:59]} 55. b6 {[%clk 0:07:43]} g3+ {[%clk 0:21:04]} 56.
Kf3 {[%clk 0:07:24]} g2 {[%clk 0:21:25]} 57. b7 {[%clk 0:07:53]} g1Q {[%clk
0:21:28]} 58. b8Q+ {[%clk 0:08:18]} Kh1 {[%clk 0:21:54]} 59. Qb4 {[%clk 0:05:39]}
Qg2+ {[%clk 0:21:26]} 60. Ke3 {[%clk 0:06:04]} Qg3+ {[%clk 0:20:55]} 61. Ke4
{[%clk 0:04:27]} 0-1

[Event "U20 Polish Youth Championship"]
[Site "Ustron"]
[Date "2019.11.25"]
[Round "4"]
[White "Turski, Bartlomiej"]
[Black "Leskiewicz, Ignacy"]
[Result "0-1"]
[Board "16"]
[WhiteElo "1993"]
[WhiteCountry "POL"]
[WhiteFideId "21810567"]
[WhiteEloChange "-6"]
[BlackElo "2138"]
[BlackCountry "POL"]
[BlackFideId "1185870"]
[BlackEloChange "6"]

1. e4 {[%clk 1:30:59]} c5 {[%clk 1:30:48]} 2. Nf3 {[%clk 1:31:22]} d6 {[%clk
1:31:14]} 3. d4 {[%clk 1:31:48]} cxd4 {[%clk 1:31:40]} 4. Nxd4 {[%clk 1:32:14]}
Nf6 {[%clk 1:32:04]} 5. Nc3 {[%clk 1:32:40]} a6 {[%clk 1:32:28]} 6. h3 {[%clk
1:33:05]} e6 {[%clk 1:32:34]} 7. g4 {[%clk 1:33:26]} b5 {[%clk 1:32:55]} 8. Bg2
{[%clk 1:33:46]} Bb7 {[%clk 1:33:19]} 9. O-O {[%clk 1:34:08]} Nfd7 {[%clk
1:31:26]} 10. Re1 {[%clk 1:33:52]} Be7 {[%clk 1:14:55]} 11. e5 {[%clk 1:33:35]}
d5 {[%clk 0:59:06]} 12. a4 {[%clk 1:31:24]} b4 {[%clk 0:58:12]} 13. Nxd5 {[%clk
1:29:37]} Bxd5 {[%clk 0:45:27]} 14. Bxd5 {[%clk 1:29:59]} exd5 {[%clk 0:45:53]}
15. Nf5 {[%clk 1:30:11]} O-O {[%clk 0:42:09]} 16. Qxd5 {[%clk 1:29:57]} Nb6
{[%clk 0:36:37]} 17. Qb7 {[%clk 1:24:26]} N8d7 {[%clk 0:28:28]} 18. a5 {[%clk
1:21:52]} Rb8 {[%clk 0:19:00]} 19. Qxa6 {[%clk 1:20:37]} Nc5 {[%clk 0:15:02]} 20.
Qe2 {[%clk 1:16:20]} Nbd7 {[%clk 0:14:28]} 21. a6 {[%clk 1:14:46]} Re8 {[%clk
0:13:26]} 22. Qf3 {[%clk 1:11:38]} Bf8 {[%clk 0:09:25]} 23. Bf4 {[%clk 1:02:37]}
Ra8 {[%clk 0:09:51]} 24. Red1 {[%clk 0:56:18]} Rxa6 {[%clk 0:07:38]} 25. Rxa6
{[%clk 0:55:19]} Nxa6 {[%clk 0:08:02]} 26. Qb7 {[%clk 0:55:01]} Nac5 {[%clk
0:07:10]} 27. Qxb4 {[%clk 0:54:20]} Qa8 {[%clk 0:05:33]} 28. Nd6 {[%clk 0:50:56]}
Bxd6 {[%clk 0:03:00]} 29. Rxd6 {[%clk 0:51:02]} Nxe5 {[%clk 0:02:23]} 30. Bxe5
{[%clk 0:49:05]} Rxe5 {[%clk 0:02:46]} 31. f3 {[%clk 0:47:15]} Ne6 {[%clk
0:01:53]} 32. Qc3 {[%clk 0:46:03]} Rc5 {[%clk 0:01:35]} 33. Qd3 {[%clk 0:46:04]}
h6 {[%clk 0:01:14]} 34. Ra6 {[%clk 0:43:15]} Qb8 {[%clk 0:01:20]} 35. Kh1 {[%clk
0:43:07]} Qb7 {[%clk 0:00:41]} 36. Qa3 {[%clk 0:41:02]} Rc8 {[%clk 0:00:37]} 37.
Ra7 {[%clk 0:40:11]} Qd5 {[%clk 0:00:40]} 38. Qd3 {[%clk 0:39:40]} Qe5 {[%clk
0:00:42]} 39. Rxf7 {[%clk 0:39:28]} Rd8 {[%clk 0:00:40]} 40. Rd7 {[%clk 1:09:35]}
Qe1+ {[%clk 0:30:46]} 41. Kh2 {[%clk 1:09:39]} Qf2+ {[%clk 0:19:34]} 42. Kh1
{[%clk 1:10:03]} Ra8 {[%clk 0:19:42]} 43. Qd1 {[%clk 1:10:00]} Nf4 {[%clk
0:19:34]} 44. Rd2 {[%clk 1:10:19]} Qg3 {[%clk 0:19:39]} 45. Qf1 {[%clk 1:10:36]}
Re8 {[%clk 0:19:41]} 46. Rf2 {[%clk 1:10:01]} Nxh3 {[%clk 0:19:21]} 47. Rg2
{[%clk 1:10:17]} Qh4 {[%clk 0:19:23]} 0-1